La composición del crimen: una aproximación analítica (Registro nro. 13867)

Detalles MARC
000 -Cabecera
Campo de control de longitud fija 00605nam a22002417a 4500
005 - Fecha y hora de la última transacción
Campo de control 20260128163828.0
008 - Elementos de longitud fija--Información general
Campo de control de longitud fija 260128b2022 |||||||| |||| 00| 0 spa d
020 ## - International Standard Book Number
Número Internacional Estándar del Libro (ISBN) 9788411133173
041 ## - Idioma
Código de idioma Español
082 ## - Clasificación Decimal Dewey
Número de clasificación 363.25 B932c
100 ## - Entrada principal--Autor personal
Nombre personal Buil-Gil, David
245 ## - Título propiamente dicho
Título La composición del crimen: una aproximación analítica
260 ## - Pie de imprenta
Lugar de publicación, distribución, etc. España
260 ## - Pie de imprenta
Nombre del editor, distribuidor, etc. Tirant lo blanch
260 ## - Pie de imprenta
Fecha de publicación, distribución, etc. 2022
300 ## - Descripción física
Extensión 146 páginas
490 ## - Serie
Título de la Serie Investigación Criminal
650 ## - Materia general
Temática (materia general) INVESTIGACIÓN CRIMINAL
650 ## - Materia general
Temática (materia general) CRIMEN
650 ## - Materia general
Temática (materia general) AGRESOR
650 ## - Materia general
Temática (materia general) GUARDIÓN
942 ## - Punto de acceso adicional KOHA
Fuente del sistema de clasificación o colocación Dewey Decimal Classification
Tipo de ítem KOHA Libro
Existencias
Signatura completa Código de barras Programa Académico Tipo de ítem
363.25 B932c 26118 Investigación Criminal Libro
363.25 B932c 26117 Mecánica Dental Libro